00478nam a2200193 a 4500001001300000003000900013005001700022008004100039020001000080082001500090100001900105245002000124260004800144300000900192500003500201505001000236650001900246700001900265nice12345678IN_TiNIC20260116011832.0050524s1877 laha grs 000 0 49g  ac10000a224.9bFRE aFrench, Lord B aInjil-E-Dawood. aLahorebPunjab Religious Booksociety c1877 a350p aincludes index and biblioraphy2 aIndex aBible-Prophets1 aFrench, Lord B